000 00291nam a2200109Ia 4500
008 190907s9999||||xx |||||||||||||| ||und||
100 _aBennett
245 0 _aObject- Oriented Ayatems Analysis And Design Using UML
260 _aNew Jersey
_bWilley Student
_c2002
300 _a612
942 _cBK
999 _c6316
_d6316